Van Nostrand's scientific encyclopedia : (Record no. 9921)
[ view plain ]
| 000 -LEADER | |
|---|---|
| fixed length control field | 01074nam a22002412 4500 |
| 001 - CONTROL NUMBER | |
| JCCL Control Number | 9921 |
| 003 - CONTROL NUMBER IDENTIFIER | |
| JCCL marc code | BD -JhCC |
| 005 - DATE AND TIME OF LATEST TRANSACTION | |
| control field | 20180403134405.0 |
| 008 - FIXED-LENGTH DATA ELEMENTS--GENERAL INFORMATION | |
| fixed length control field | 180403s1958 njuab d 000 0 eng |
| 035 ## - SYSTEM CONTROL NUMBER | |
| system control number | OCLC ocm00523613 from D971107M |
| -- | (BD -JhCC)9921 |
| 040 ## - CATALOGING SOURCE | |
| Original cataloging agency | DLC |
| Transcribing agency | DLC |
| Modifying agency | EQO |
| -- | BD -JhCC |
| 041 ## - LANGUAGE CODE | |
| Language code of Book | eng |
| 050 0# - LIBRARY OF CONGRESS CALL NUMBER | |
| Classification number | Q121 |
| Item number | .V3 1958 |
| 082 ## - DEWEY DECIMAL CLASSIFICATION NUMBER | |
| Classification number | 503 |
| Author mark and Year | VAN 1958 |
| 245 00 - TITLE STATEMENT | |
| Title | Van Nostrand's scientific encyclopedia : |
| Remainder of title | aeronautics, astronomy, botany, chemical engineering, chemistry, civil engineering, electrical engineering, electronics, geology, guided missiles, mathematics, mechanical engineering, medicine, metallurgy, meteorology, mineralogy, navigation, nuclear science & engineering, photography, physics, radio & television, statistics, zoology / |
| Statement of responsibility, etc | D. Van Nostrand Company, Inc. |
| 250 ## - EDITION STATEMENT | |
| Edition statement | 3d ed. |
| 260 ## - PUBLICATION, DISTRIBUTION, ETC. (IMPRINT) | |
| Place of publication, distribution, etc | Princeton, N.J. : |
| Name of publisher, distributor, etc | Van Nostrand, |
| Date of publication, distribution, etc | 1958. |
| 300 ## - PHYSICAL DESCRIPTION | |
| Pagination | vi, 1839 p. |
| Other physical details | illus. (part col.) maps, diagrs., tables. |
| Dimensions | 29 cm. |
| 650 #0 - SUBJECT ADDED ENTRY--TOPICAL TERM | |
| Topical term or geographic name as entry element | Science |
| Form subdivision | Dictionaries. |
| 710 ## - ADDED ENTRY--CORPORATE NAME | |
| Corporate name or jurisdiction name as entry element | D. Van Nostrand Company, Inc. |
| 942 ## - ADDED ENTRY ELEMENTS (KOHA) | |
| Source of classification or shelving scheme | Dewey Decimal Classification |
| Koha item type | Reference |
| Source of classification or shelving scheme | Damaged status | Not for loan | Home library | Current library | Shelving location | Date of accession | Total Checkouts | Full call number | Barcode | Date last seen | Copy number | Koha item type |
|---|---|---|---|---|---|---|---|---|---|---|---|---|
| Dewey Decimal Classification | JCC Rouf Library | JCC Rouf Library | General Stacks | 04/03/2018 | 503 VAN 1958 | 13413 | 04/03/2018 | C-1 | Reference |